000 00561cam a22001931 4500
001 1225628
003 OSt
005 20250901165758.0
008 800122s1966 nyu 000 0 eng
010 _a 66026934
040 _aDLC
_cDLC
_dDLC
050 0 0 _aPZ 3 .G1535 In 1966
_bIn
_aPS3513.A56
100 1 _aGann, Ernest Kellogg,
_d1910-1991.
245 1 0 _aIn the company of eagles
_c[by] Ernest K. Gann.
260 _aNew York,
_bSimon and Schuster
_c[1966]
300 _a342 p.
_c23 cm.
906 _a7
_bcbc
_corignew
_du
_eocip
_f19
_gy-gencatlg
942 _2lcc
_cBK
999 _c9165
_d9165